Check list of the freshwater fishes of South and Central America (Registro nro. 4127)

Detalles MARC
000 -CABECERA
Campo de control 00504nam a2200181 a 4500
005 - FECHA Y HORA DE LA ULTIMA TRANSACCION
Campo de control 20140314092404.0
008 - ELEMENTOS DE LONGITUD FIJA—INFORMACION GENERAL
Campo de control 140314b2003 bl ||||| |||| 00| 0 eng d
041 ## - IDIOMA
Código de idioma para texto/pista de sonido o título separado Inglés
090 ## - CLASIFICACIÓN LOCAL
Colección LB
Consecutivo 03827
100 ## - ASIENTO PRINCIPAL--NOMBRE PERSONAL
Nombre personal Reis, Roberto E.
245 ## - MENCION DE TITULO
Título Check list of the freshwater fishes of South and Central America
260 ## - PUBLICACION, DISTRIBUCION, ETC. (PIE DE IMPRENTA)
Lugar de publicación, distribución, etc. Porto Alegre
Nombre del editor, distribuidor, etc. EDIPUCRS
Fecha de publicación, distribución, etc. 2003
300 ## - DESCRIPCION FISICA
Extensión 729 p.
700 ## - ASIENTO SECUNDARIO - NOMBRE PERSONAL
Nombre personal Kullander, Sven O.
700 ## - ASIENTO SECUNDARIO - NOMBRE PERSONAL
Nombre personal Ferraris, Carl J.
942 ## - ELEMENTOS ADICIONALES (KOHA)
Tipo de ítem Impreso
Sistema de clasificación Local
945 ## - PROCESAMIENTO LOCAL
AAAA-MM-DD - Fecha de ingreso o modificacion 2004-08-25
Existencias
Withdrawn status Lost status Sistema de Clasificación Damaged status No para préstamo Colección Inventariado Ubicación Permanente Ubicación actual Fecha de adquisición Fuente de Valor Total Checkouts Número topográfico Inventario / Código de Barras Date last seen Ejemplar Price effective from Forma de adquisición Tipo de material
    Local     Ictiología Inventariado 2017 Villa de Leyva Villa de Leyva 25/08/2004 Amazon   LB-03827 016587 04/12/2012 Ej. 1 04/12/2012   Libro